000 01328 a2200241 4500
001 29149
005 20260407155600.0
008 260407a2011 arg spa d
003 AR-UNSa-BCEJYS
040 _aAR-UNSa-BCEJYS
_bspa
_cAR-UNSa-BCEJYS
080 _a658.017.2/3
_xTamaño de la empresa (Pymes)
245 1 0 _aInforme 2010/2011
_pEvolución reciente, situación actual y desafíos para 2012. Tema especial: demanda de servicios profesionales de diseño de las Pymes industriales
020 _a978-987-1659-12-8
264 1 _aBuenos Aires :
_bFundación Observatorio PyME
_c2011
300 _a105 p.
_c29 cm.
505 _a1. La coyuntura en 2011 y los principales problemas de la Pyme industriales - 2. Desempeño productivo 2005-2010 - 3. Competitividad internacional y desarrollo empresarial interno de las Pyme industriales - 4. Limitantes estructurales para el crecimiento de las Pyme industriales - 5. Tema especial: demanda de servicios profesionales de diseño de las Pymes industriales
041 _aspa
942 _cBK
590 _aniveau_biblio:m niveau_hierar:0
100 1 _aDonato, Vicente N.
700 1 _aFundación Observatorio Pyme
856 4 1 _uhttps://biblioeco.unsa.edu.ar/pmb/images/libros/Evolucion reciente, situacion actual y desafios para 2012-l125018.jpg
_yImagen de portada
_qimage/jpeg
999 _c1807
_d1807